00299nam a22001097a 4500020001800000040000900018082001700027100002000044245004600064260003300110650004600143 a9788120337527 cNUST a621.381bMEM aP.Rai Choudhury aMEMS and MOEMS Technology and Application aIndia:bPHI Learning,c2000. aMEMS and MOEMS Technology and Application